Oceanography: an introduction to the marine environment
Сохранить в:
| Главный автор: | |
|---|---|
| Формат: | |
| Язык: | английский |
| Опубликовано: |
Nueva York
John Wiley
1970
|
| Предметы: | |
| Метки: |
Добавить метку
Нет меток, Требуется 1-ая метка записи!
|
MARC
| LEADER | 00000nam a2200000 a 4500 | ||
|---|---|---|---|
| 001 | UCT5892 | ||
| 003 | CL-VaPUC | ||
| 008 | 961223e19700000US |||||||||||||||||eng|d | ||
| 082 | 0 | 4 | |a 551.46 |b WEY |2 21 |
| 100 | 0 | |a Weyl, Peter K |e author |9 375505 | |
| 245 | 1 | 0 | |a Oceanography: an introduction to the marine environment |
| 300 | |a 535 p | ||
| 942 | |c BK | ||
| 945 | |d 19961223 00:00:00 |a rleighto | ||
| 260 | |a Nueva York |b John Wiley |c 1970 | ||
| 650 | 0 | |a Oceanografía |9 260014 | |
| 650 | 7 | |a MEDIO AMBIENTE MARINO |2 CL-VaPUC |9 375506 | |
| 650 | 7 | |a CLIMAS |2 CL-VaPUC |9 357732 | |
| 650 | 7 | |a TIERRA |2 CL-VaPUC |9 261538 | |
| 650 | 0 | |a Agua de mar |9 358176 | |
| 650 | 0 | |a Vida acuática |9 363789 | |
| 650 | 0 | |a Geología |9 260984 | |
| 650 | 0 | |a Ecología marina |9 259946 | |
| 650 | 0 | |a Animales marinos |9 367995 | |
| 583 | |a last modification |c 19961223 00:00:00 |k Rodrigo Vera | ||
| 999 | |c 254677 |d 254675 | ||
| 952 | |0 0 |1 0 |4 0 |6 551_460000000000000_WEY_1970 |7 0 |8 A |9 276519 |a BIBCUR |b BIBCUR |d 2019-11-19 |i 3262529 |l 1 |m 1 |o 551.46 WEY 1970 |p 3262529 |r 2025-04-22 |s 2022-08-25 |w 2019-11-19 |y BK |k BCB | ||